<?xml version="1.0" encoding="UTF-8"?>
<collection xmlns="http://www.loc.gov/MARC21/slim">
 <record>
  <leader>     na                 </leader>
  <controlfield tag="001">INLIS000000000022022</controlfield>
  <controlfield tag="005">20260129091900</controlfield>
  <datafield tag="035" ind1=" " ind2=" ">
   <subfield code="a">0010-0126000036</subfield>
  </datafield>
  <datafield tag="245" ind1=" " ind2=" ">
   <subfield code="a">Menulis Huruf Tegak Bersambung :</subfield>
   <subfield code="b">Usia TK dan SD /</subfield>
   <subfield code="c">Yurinda Dini</subfield>
  </datafield>
  <datafield tag="250" ind1=" " ind2=" ">
   <subfield code="a">ed 1</subfield>
  </datafield>
  <datafield tag="020" ind1=" " ind2=" ">
   <subfield code="a">9786237794325</subfield>
  </datafield>
  <datafield tag="260" ind1=" " ind2=" ">
   <subfield code="a">Jakarta :</subfield>
   <subfield code="b">Redaksi Cikal Aksara,</subfield>
   <subfield code="c">2023</subfield>
  </datafield>
  <controlfield tag="008">260129                           | ind  </controlfield>
  <datafield tag="082" ind1=" " ind2=" ">
   <subfield code="a">808 068</subfield>
  </datafield>
  <datafield tag="084" ind1=" " ind2=" ">
   <subfield code="a">808 068 Yur M</subfield>
  </datafield>
  <datafield tag="300" ind1=" " ind2=" ">
   <subfield code="a">36 :</subfield>
   <subfield code="b">Ilus ;</subfield>
   <subfield code="c">19 x 26</subfield>
  </datafield>
  <datafield tag="650" ind1=" " ind2="4">
   <subfield code="a">Buku Anak</subfield>
  </datafield>
  <datafield tag="990" ind1=" " ind2=" ">
   <subfield code="a">46344</subfield>
  </datafield>
  <datafield tag="990" ind1=" " ind2=" ">
   <subfield code="a">46345</subfield>
  </datafield>
 </record>
</collection>
